| 000 | 00917nam a22002655i 4500 | ||
|---|---|---|---|
| 001 | 13928 | ||
| 003 | ES-MaACL | ||
| 005 | 20240528062717.0 | ||
| 007 | t| | ||
| 008 | 950220s1986 sp ||||0| spa j | ||
| 020 | _a84-85709-48-9 | ||
| 040 |
_aM-BN _bspa _cM-BN |
||
| 080 | _a803.97(480)-14"19"(082.2) | ||
| 245 | 0 | 0 |
_aQuince poetas finlandeses _b: 60 años de poesía finlandesa de expresión sueca / _cselección, traducción e introducción de Francisco J. Uriz. |
| 260 |
_aSant Cugat del Vallés : _bLos Libros de la Frontera, _c1986. |
||
| 300 |
_a216 p ; _c20 cm. |
||
| 490 | 1 |
_aEl bardo, colección de poesía ; _v20 |
|
| 650 | 1 | 4 |
_aPoesías finesas (Sueco)- _yS.XX. _916223 |
| 655 | 7 |
_2tgfbne _aPoesías _9176539 |
|
| 700 | 1 |
_aUriz, Francisco J. _9112181 |
|
| 830 |
_aEl Bardo (Sahagún, Carlos) ; _v20 _9235933 |
||
| 852 |
_aES-MaACL _jL-21147 _bR.126721 |
||
| 942 | _2udc | ||
| 999 |
_c13928 _d13928 |
||